000 00806cab a2200229 4500
001 WB3311-21
008 090401t1997 xxu||||| |||| 00| 0 eng d
035 _a(Sirsi) u77042
041 _aeng
245 _aEnclosure Act problem
260 _c1997
350 _a0
490 _aFarming News
_v7 March 1997, 29(1)
520 _aAn agent advises checking under the 18th century Enclosure Act before putting property on the market, after a farm was found to have a 60ft-wide highway running across it. The CLA has published a handbook for landowners, outlining its implications.
650 _aCOUNTRY LANDOWNERS ASSOCIATION
650 _aENCLOSURE ACTS
650 _aHIGHWAYS
650 _aLOCAL SEARCHES
690 _aHIGHWAYS RIGHTS OF WAY AND EASEMENTS
942 _n0
948 _c12/03/1997
999 _c48410
_d48410